000 00721nas a2200253 4500
001 BR8204698
003 BR-BrBNA
005 20231205085225.0
007 ta
008 230509b bl.|||p| |||| 00| 00por d
040 _aBR-BrBNA
_bpor
_cBiblioteca Nacional de Agricultura
041 _a(Pt)
072 _aL30
100 1 _aPupo, N.I.H.
245 1 _aGuandu; feno a baixo custo para equino [Cajanus cajan]
650 _aGUANDU
650 _aVALOR NUTRITIVO
650 _aFENO
650 _aLEGUMINOSA FORRAGEIRA
650 _aEQUINO
773 0 _tAgricultura de Hoje (Brazil)
_xISSN 0100-5707
_g(Nov-Dec 1982), v. 7(85) p. 24-26
_wBR8204698
909 _a202311
_bLúcia
_c55
_dLúcia Elande
942 _2AGRIS
_n0
_cANA
999 _c110084
_d110084